|
|
|
|
| LEADER |
00000nam a2200000 a 4500 |
| 001 |
vtls011631123 |
| 003 |
SK-MaSNL |
| 005 |
20260302053932.0 |
| 008 |
200115s2014 xo a g 000 0 cze |
| 015 |
|
|
|a SNBA2017/05
|
| 020 |
|
|
|a 9788097179083
|q (viaz.)
|
| 035 |
|
|
|a urn:nbn:sk:snk-am00cx9h
|
| 035 |
|
|
|a urn:nbn:sk:snk-am3hmgc
|
| 035 |
|
|
|a 4599CBE9-5442-4CA0-B334-8457238E5207
|
| 040 |
|
|
|a SNK
|b slo
|c SNK
|e AACR2
|
| 041 |
1 |
|
|a cze
|h slo
|
| 044 |
|
|
|a xo
|c SK
|
| 072 |
|
7 |
|a 13
|x Filozofia ducha
|2 konspekt
|
| 072 |
|
7 |
|a 2
|x Náboženstvo
|2 konspekt
|
| 080 |
|
|
|a 615.852+615.851.8
|2 2011
|
| 080 |
|
|
|a 133.2
|2 2011
|
| 080 |
|
|
|a 159.96
|2 2011
|
| 080 |
|
|
|a (0:82-32)
|2 2011
|
| 080 |
|
|
|a 2-584
|2 2011
|
| 100 |
1 |
|
|a Zimanová, Lea
|4 aut
|4 ill
|9 424105
|
| 245 |
1 |
0 |
|a Byla jednou jedna víla a stále je
|c z vyprávění víly Iluze zapsala Lea Zimanová ; [ilustrace Lea Zimanová, Armínka Renhardt ; český překlad: rodina Alvarezových s Třemošnice]
|
| 250 |
|
|
|a 1. vyd.
|
| 260 |
|
|
|a [Hrnčiarové
|b Lea Zimanová]
|c 2014
|
| 300 |
|
|
|a 80 s.
|b ilustr.
|c 16 cm
|
| 500 |
|
|
|a Vydavateľské údaje podľa ISBN
|
| 500 |
|
|
|a Na tit. s. uvedený vydavateľ Duchovní centrum RIME DZONG
|
| 500 |
|
|
|a Pravdepodobne preložené zo slovenčiny
|
| 650 |
0 |
7 |
|a duchovná cesta
|2 SNKPH
|9 67470
|
| 650 |
0 |
7 |
|a Spiritual path
|2 SNKPHeng
|9 276105
|
| 650 |
0 |
7 |
|a duchovné liečenie
|2 SNKPH
|9 69460
|
| 650 |
0 |
7 |
|a Spiritual healing
|2 SNKPHeng
|9 328448
|
| 650 |
0 |
7 |
|a channeling
|2 SNKPH
|9 85568
|
| 655 |
|
7 |
|a príbehy
|2 SNKPH
|9 70507
|
| 655 |
|
7 |
|a Stories
|2 SNKPHeng
|9 265785
|
| 700 |
1 |
|
|a Renhardt, Armínka
|4 ill
|9 424106
|
| 700 |
3 |
|
|a Alvarez (rodina)
|4 trl
|9 712517
|
| 919 |
|
|
|a 978-80-971790-8-3
|
| 958 |
|
|
|a OP
|
| 958 |
|
|
|a MI
|
| 958 |
|
|
|a NT
|
| 968 |
|
|
|a Čes
|b SLO
|
| 999 |
|
|
|c 1111421
|d 1113351
|
| 952 |
|
|
|a SNK
|b SNK
|y PREZ
|7 0
|p 17A1258926
|o snkSD 86264
|i snk2017/11449
|8 0
|0 0
|1 0
|4 0
|d 2017-05-17
|f 1
|l 0
|r 2026-02-24 18:01:21
|w 2026-02-24
|
| 952 |
|
|
|a SNK
|b SNK
|y VYP
|7 0
|p 17A1258927
|o snkSD 86264 D1
|i snk2017/11450
|8 0
|0 0
|1 0
|4 0
|d 2017-05-17
|l 0
|r 2026-02-24 18:01:21
|w 2026-02-24
|